Geography Quiz

Random Geography or State Quiz

US States with National Parks Quiz Stats

 Plays Quiz Updated Jan 4, 2021

Support Sporcle.
Go Orange.
Score 0/30 Timer 03:00
1 Play Today
% Correct
CA
(9)
96.3%
MT
(2)
93.2%
AZ
(3)
92.9%
WY
(2)
92.7%
WA
(3)
92.4%
CO
(4)
92.3%
UT
(5)
91.9%
TX
(2)
91.5%
OR
(1)
90.2%
FL
(3)
88.1%
NM
(2)
87.2%
NV
(2)
85.5%
ID
(1)
84.2%
SD
(2)
81.4%
ND
(1)
74.2%
% Correct
MN
(1)
73.6%
ME
(1)
70%
MI
(1)
69%
VA
(1)
64.5%
NC
(1)
63.5%
TN
(1)
62.5%
AK
(8)
62.1%
HI
(2)
56.6%
KY
(1)
52.3%
AR
(1)
43.4%
SC
(1)
41.2%
OH
(1)
40.5%
MO
(1)
37.2%
WV
(1)
26.4%
IN
(1)
19.9%

You're not logged in!

Compare scores with friends on all Sporcle quizzes.
OR
Log In

From the Vault

Unusual Wikipedia Articles IV

by flibbidy

Sometimes people just write the darndest things on Wikipedia.
Remove Ads.
Support Sporcle.
Get the best of Sporcle when you Go Orange. This ad-free experience offers more features, more stats, and more fun while also helping to support Sporcle. Thank you for becoming a member.

Show Comments

Extras

Top Quizzes Today


Score Distribution

Your Account Isn't Verified!

In order to create a playlist on Sporcle, you need to verify the email address you used during registration. Go to your Sporcle Settings to finish the process.

Report this User

Report this user for behavior that violates our Community Guidelines.

Details: